| 000 | 00342cam a2200133ua 4500 | ||
|---|---|---|---|
| 020 | _a9781845936464 | ||
| 082 |
_a635.0468 _bTHO/CO |
||
| 100 |
_aThompson,Keith A. _9925 |
||
| 245 | _aControlled Atmosphere Storage of Fruits and Vegetables | ||
| 250 | _a2 nd | ||
| 260 |
_aCambridge _bCAB International , _c2010 |
||
| 300 | _a272 | ||
| 942 | _cBK | ||
| 999 |
_c11193 _d11193 |
||